F1 - Culture générale #3 - Statistiques

Statistiques générales
  • Ce quiz a été pris 2 159 fois
    1 622 depuis la dernière actualisation
  • Le résultat moyen est 10 sur 15
Statistiques - réponses
Question Réponse % Correct
En 2025, combien de points au maximum peuvent être marqués dans un week-end classique par un pilote? 25
95%
Quel pilote a roulé pour ces écuries là ? Toro Rosso (2015-2017) Renault (2017-2018) Mclaren (2019-2020) Ferrari (2021-2024) Williams (2025-) Carlos Sainz
93%
Citez un pilote australien ayant gagné au moins un Grand Prix Daniel Ricciardo | Mark Webber | Jack Brabham | Oscar Piastri | Alan Jones
93%
Comment se nomme la série Netflix sortie en 2019 qui parle de la Formule 1 ? Drive to Survive
88%
Et dans un week-end sprint ? 33
83%
Citez une autre marque de pneus que Pirelli qui a été utilisée en Formule 1 Bridgestone | Michelin | Goodyear | Continental | Avon | Dunlop | Firestone
81%
Quel pilote était surnommé "le Professeur", car il faisait ses réglages lui-même, gérait ses pneus lors de la course, etc. ? Alain Prost
80%
En quelle année a-t-il été introduit ? 2011
78%
Quelle écurie a décroché sa première victoire en Grand Prix avec Sebastian Vettel au volant lors du Grand Prix d'Italie 2008 ? Toro Rosso
65%
Quel est le seul pilote polonais victorieux en Formule 1 ? Robert Kubica
63%
Que signifie DRS ? Drag Reduction System (système de réduction de la trainée)
51%
Et le seul colombien ? Juan-Pablo Montoya
41%
Quelle est la pénalité en course la plus grave, juste avant le drapeau noir disqualifiant ? Le Stop-and-Go
32%
Comment s'appelait "l'ancêtre" de l'ERS, introduit en 2009, qui récupérait l'énergie cinétique au freinage pour libérer une puissance supplémentaire pendant quelques secondes par tour ? Le KERS
29%
Quel est le drapeau qui est utilisé pour indiquer que la surface de la piste est glissante ou dangereuse ? Le drapeau à bandes rouges et jaunes
23%
Aucun quiz correspondant
Distribution des résultats
% des personnes avec chaque résultat
Percentile par nombre de réponses
Votre historique - résultats
Vous n’avez pas pris ce quiz depuis la dernière actualisation